000 00692nam a2200265Ia 4500
005 20260306164430.0
008 008 260114s9999 xx 000 0 eng d
020 _a9780197602782
037 _aEBOOK
040 _aCRL
040 _beng
040 _cCRL
041 _2eng
041 _aeng
084 _qCRL
100 _aColin A. Espie, Phyllis C. Zee, Charles M. Morin
_91130726
245 4 _aThe Oxford Handbook Of Sleep And Sleep Disorders - 2nd Edition
260 _bOxford University Press
260 _c2025
650 _aPsychology
856 _uhttps://academic.oup.com/edited-volume/60329
942 _cEBOOK
999 _c1714049
_d1714049